Every 100,000+ City in Yemen in Order - Statistics

General Stats
  • This quiz has been taken 18 times
    6 since last reset
  • The average score is 6 of 24
Answer Stats
Letter Population City % Correct
A 1,338,734 Aden
100%
S 3,604,962 Sana'a
100%
I 773,028 Ibb
80%
T 1,194,376 Taiz
80%
A-H 804,558 Al Hudaydah
60%
A-M 1,273,495 Al Mukalla
40%
A-B 138,550 Al Bayda'
20%
A 136,062 'Amrān
20%
D 461,330 Dhamar
20%
M 216,423 Ma'rib
20%
S 204,509 Seiyun
20%
A 103,037 Abs
0%
A-G 101,056 Al Ghaydah
0%
A-H 107,610 Al Habilayn
0%
A-Q 157,541 Al Qa'idah
0%
A-S 162,580 Ash Shihr
0%
B 170,193 Bajil
0%
F 437,063 Fuwwah
0%
L 287,490 Lahij
0%
L-A 210,329 Little Aden
0%
R 101,155 Rukob
0%
S 119,607 Sa'dah
0%
T 136,120 Tarim
0%
Y 110,549 Yarim
0%
No matching quizzes found
Score Distribution
Percent of People with Each Score
Percentile by Number Answered
Your Score History
You have not taken this quiz since the last reset